[Event "Tourn. n8484"]
[Site "www.chess-mail.com"]
[Date "2016.01.16"]
[Round "1"]
[White "Iko"]
[Black "Expert"]
[WhiteElo "1700"]
[BlackElo "1840"]
[Result "0-1"]
[Round "1"]
1.e4 c5
2.e5 d5
3.Nb1c3 e6
4.Ng1f3 a6
5.d4 Nb8c6
6.Bc1e3 cxd4
7.Nf3xd4 Nc6xd4
8.Qd1xd4 Ng8e7
9.Qd4a4 Ne7c6
10.a3 Bc8d7
11.Qa4b4 Nc6xb4
12.axb4 Bf8xb4
13.O-O-O Bb4xc3
14.bxc3 Qd8c7
15.Rd1d3 Bd7b5
16.Rd3d4 Bb5xf1
17.Rh1xf1 O-O
18.Be3f4 Qc7xc3
19.Rf1d1 Qc3a1
20.Kd2 Qa1xd4
21.Kc1 Qd4xf4
22.Rd1d2 Rf8c8
23.g3 Qf4xe5
24.f4 Qe5a1

0-1

[Event "Match"]
[Site "www.echecsemail.com"]
[Date "2016.01.16"]
[Round "1"]
[White "Jhw"]
[Black "Micheles"]
[WhiteElo "2020"]
[BlackElo "2520"]
[Result "0-1"]
[Round "1"]
1.f4 d5
2.Ng1f3 Ng8f6
3.d3 c5
4.c3 Nb8c6
5.e3 Bc8g4
6.Bf1e2 e6
7.h3 Bg4h5
8.g4 Bh5g6
9.g5 Nf6d7
10.a3 h6
11.Nf3h4 Bg6h7
12.Nh4f3 Bf8e7
13.Bc1d2 hxg5
14.Rh1g1 gxf4
15.Rg1xg7 Be7h4
 { time }
0-1

[Event "Match"]
[Site "www.echecsemail.com"]
[Date "2016.01.16"]
[Round "1"]
[White "Jackbauer"]
[Black "Pariolinius"]
[WhiteElo "1399"]
[BlackElo "1980"]
[Result "1/2-1/2"]
[Round "1"]
1.e4 e6
2.f4 c5
3.Ng1f3 Nb8c6
4.Bf1b5 Bf8e7
5.O-O a6
6.Bb5xc6 bxc6
7.Nb1c3 d5
8.d4 c4
9.Bc1d2 Ng8f6
10.Rf1e1 O-O
11.a3 Bc8d7
12.b3 cxb3
13.cxb3 Ra8b8
14.b4 h6
15.e5 Nf6e8
16.g3 f6
17.Nf3h4 f5
18.Nh4g2 Ne8c7
19.g4 Bd7e8
20.Re1e3 Nc7b5
21.Bd2e1 Qd8b6
22.Nc3xb5 Qb6xb5
23.Re3h3 Be8g6
24.Be1h4 Rb8e8
25.Qd1d2 fxg4
26.Rh3g3 h5
27.Bh4xe7 Re8xe7
28.h3 Bg6f5
29.Ng2e3 g6
30.a4 Qb5b7
31.Ne3xf5 gxf5
32.Kh2 Re7g7
33.Ra1b1 h4
34.Rg3c3 g3
35.Kg2 Rf8b8
36.Rc3c5 Qb7c8
37.Rb1c1 Rg7c7
38.Rc1b1 Rb8b7
39.Rc5c3 a5
40.Rc3c5 Qc8a8
41.Rc5xa5 Rb7a7
42.Ra5xa7 Rc7xa7
43.a5 Ra7b7
44.Qd2d1 Qa8e8
45.Qd1e2 Kg7
46.Qe2a6 Qe8c8
47.Qa6e2 Kh6
48.Qe2a6 Qc8c7
49.Rb1b2 Rb7a7
50.Qa6e2 Qc7b7
51.Qe2d2 Qb7b5
52.Qd2c3 { draw }
1/2-1/2

[Event "Match"]
[Site "www.echecsemail.com"]
[Date "2016.01.16"]
[Round "1"]
[White "Olddog55"]
[Black "Cal"]
[WhiteElo "1610"]
[BlackElo "1189"]
[Result "0-1"]
[Round "1"]
1.d4 d5
2.Ng1f3 h6
3.e3 Bc8g4
4.Bf1e2 Ng8f6
5.Nf3e5 Bg4xe2
6.Qd1xe2 e6
7.f4 Bf8d6
8.O-O O-O
9.Rf1f3 Nf6e4
10.f5 Bd6xe5
11.dxe5 exf5
12.Rf3xf5 Nb8c6
13.Qe2g4 Qd8d7
14.Nb1c3 Nc6e7
15.Rf5f4 f5
16.Qg4h4 Ne7g6
17.Qh4h3 Ng6xf4
18.exf4 c5
19.Bc1e3 d4
20.Ra1d1 Qd7e6
21.Nc3b5 Qe6d7
22.a4 a6
23.Nb5a3 Qd7xa4
24.Be3c1 b5
25.b3 Qa4b4
26.Na3b1 Ra8d8
27.Bc1b2 a5
28.e6 Rd8d5
29.g4 a4
30.Bb2a3 Qb4a5
31.gxf5 Rd5xf5
32.e7 Rf5f6
33.Rd1e1 Qa5xe1
{ resign }
0-1

[Event "Match"]
[Site "www.echecsemail.com"]
[Date "2016.01.16"]
[Round "1"]
[White "Huw"]
[Black "Coraza"]
[WhiteElo "999"]
[BlackElo "1680"]
[Result "1-0"]
[Round "1"]
1.d4 d5
2.c4 Ng8f6
3.Ng1f3 Bc8g4
4.Bc1f4 g6
5.e3 Bf8g7
6.Nb1c3 O-O
7.Ra1c1 c6
8.h3 Bg4f5
9.Bf1e2 h6
10.O-O a5
11.a4 Qd8d7
12.Nf3e5 Qd7e6
13.g4 Bf5e4
14.f3 Be4f5
15.gxf5 Qe6xf5
16.Kg2 g5
17.Be2d3 Qf5e6
18.Bf4g3 Nb8d7
19.Ne5xd7 Nf6xd7
20.cxd5 Qe6xe3
21.Bg3f2 Qe3f4
22.dxc6 bxc6
23.Bd3e4 Ra8c8
24.Bf2g3 Qf4f6
25.Qd1d3 Kh8
26.Nc3e2 c5
27.Be4b7 Rc8e8
28.dxc5 Qf6xb2
29.Qd3b5 Qb2xb5
30.axb5 Bg7b2
31.Rc1c2 Bb2a3
32.c6 Nd7b6
33.Bg3f2 Nb6c8
34.Rf1a1 Ba3b4
35.Bf2c5 Bb4xc5
36.Rc2xc5 Nc8d6
37.Bb7a6 Re8a8
38.Ra1xa5 Rf8b8
39.c7 Rb8b6
40.c8Q Nd6xc8
41.Rc5xc8 Ra8xc8
42.Ba6xc8 Kg7
43.Bc8d7 Rb6d6
44.Bd7c6 Rd6d2
45.Kf2 Rd2b2
46.Ra5a1 h5
47.Ra1g1 f6
48.h4 e5
49.hxg5 f5
50.g6 h4
51.Ke3 f4
52.Kd3 h3
53.Ne2c3 h2
54.Rg1h1 Kxg6
55.Nc3d5 Kh5
56.b6 Rb2b3
57.Kc2 Rb3xf3
58.Nd5f6 Kg5
59.Bc6xf3 Kxf6
60.Rh1xh2 { resign }
1-0

[Event "Match"]
[Site "www.echecsemail.com"]
[Date "2016.01.16"]
[Round "1"]
[White "Rindrandria"]
[Black "Ranjachess"]
[WhiteElo "1580"]
[BlackElo "1710"]
[Result "0-1"]
[Round "1"]
1.g3 d5
2.c3 Bc8d7
3.Qd1b3 Bd7c6
4.Ng1h3 e5
5.d3 Ng8f6
6.Bf1g2 Bf8c5
7.Bc1g5 Nb8d7
8.O-O h6
9.Bg5xf6 Qd8xf6
10.Bg2xd5 g5
11.Bd5xc6 Qf6xc6
12.g4 f5
13.gxf5 g4
14.Qb3e6 Kd8
15.b4 Bc5b6
16.c4 Bb6d4
17.b5 Qc6xe6
18.fxe6 Nd7c5
19.Nb1d2 Bd4xa1
20.Rf1xa1 Nc5xe6
21.f4 gxh3
22.fxe5 Rh8g8
23.Kh1 Rg8g2
24.Ra1e1 Ne6f4
25.e3 Nf4e2
26.Nd2f3 Ke7
27.Nf3h4 Rg2f2
28.a4 Ra8f8
29.Re1xe2 Rf2f1

0-1

[Event "Match"]
[Site "www.echecsemail.com"]
[Date "2016.01.16"]
[Round "1"]
[White "Starwind"]
[Black "Chapi"]
[WhiteElo "1809"]
[BlackElo "2030"]
[Result "1-0"]
[Round "1"]
1.Ng1f3 c5
2.e4 Nb8c6
3.Bf1b5 d6
4.O-O Bc8d7
5.Rf1e1 a6
6.Bb5xc6 Bd7xc6
7.d4 cxd4
8.Nf3xd4 Bc6d7
9.Nb1c3 g6
10.Nd4f3 Bf8g7
11.e5 Bd7g4
12.exd6 Bg4xf3
13.Qd1xf3 Qd8xd6
14.Qf3xb7 Ra8d8
15.Bc1e3 Ng8f6
16.Ra1d1 Rd8b8
17.Qb7a7 O-O
18.Rd1xd6 exd6
19.b3 Rb8a8
20.Qa7b6 Rf8d8
21.Re1d1 Nf6d7
22.Qb6xd6 Bg7xc3
23.g3 Bc3f6
24.Be3d4 Bf6g7
25.Bd4xg7 Kxg7
26.Qd6e7 { resign }
1-0

[Event "Match"]
[Site "www.echecsemail.com"]
[Date "2016.01.16"]
[Round "1"]
[White "Pinehill"]
[Black "Starwind"]
[WhiteElo "2080"]
[BlackElo "1809"]
[Result "0-1"]
[Round "1"]
1.e4 c6
2.d4 d5
3.Nb1d2 g6
4.Ng1f3 Bf8g7
5.e5 f6
6.Bf1d3 c5
7.c3 cxd4
8.cxd4 Ng8h6
9.O-O O-O
10.Rf1e1 Nb8c6
11.Nd2b3 fxe5
12.dxe5 Nh6g4
13.h3 Ng4xe5
14.Nf3xe5 Nc6xe5
15.Bd3f1 Ne5c6
16.Nb3c5 b6
17.Nc5e6 Bc8xe6
18.Re1xe6 Nc6d4
19.Re6e1 Qd8d6
20.Bc1e3 Nd4f5
21.Ra1b1 Ra8d8
22.b3 Bg7c3
23.Be3d2 Bc3d4
24.Bd2g5 Bd4xf2
25.Kxf2 Qd6c5
26.Ke2 Nf5g3
27.Kd2 Ng3e4
{ resign }
0-1

[Event "1/16 Finale"]
[Site "www.chess-mail.com"]
[Date "2016.01.16"]
[Round "1"]
[White "Asoka"]
[Black "Szustan"]
[WhiteElo "2650"]
[BlackElo "2740"]
[Result "1-0"]
[Round "1"]
1.d4 d5
2.c4 dxc4
3.e3 e6
4.Bf1xc4 c5
5.Ng1f3 a6
6.O-O Ng8f6
7.h3 b5
8.Bc4d3 cxd4
9.exd4 Bf8e7
10.a4 b4
11.Bc1e3 O-O
12.Nb1d2 Bc8b7
13.Ra1c1 Nb8d7
14.Nd2c4 a5
15.Bd3b1 Ra8c8
16.Qd1e2 Bb7a6
17.Bb1d3 h6
18.Rf1d1 Nf6d5
19.Be3d2 Rc8c7
20.b3 Nd7f6
21.Nf3e5 Nd5c3
22.Bd2xc3 bxc3
23.Ne5g6 Rf8e8
24.Ng6xe7 Qd8xe7
25.Rc1xc3 Re8c8
26.Rc3c2 Nf6d5
27.Qe2e4 g6
28.Bd3f1 Qe7b4
29.Qe4f3 Rc8f8
30.Rd1c1 Kg7
31.Qf3g3 Rc7c8
32.h4 Kg8
33.Bf1e2 Rf8d8
34.Be2g4 Nd5e7
35.h5 g5
36.Qg3e5 Ba6xc4
37.Rc2xc4 Rc8xc4
38.bxc4 Ne7c6
39.Qe5f6 Qb4d2
40.Rc1d1 Qd2f4
41.Qf6xf4 gxf4
42.d5 Nc6e5
43.Bg4e2 Kf8
44.d6 Ne5d7
45.Rd1b1 Nd7c5
46.Rb1b5 Nc5xa4
47.c5 Na4c3
48.Kf1 a4
49.Rb5a5 Nc3e4
50.Ke1 f5
51.f3 Ne4xc5
52.Ra5xc5 Rd8xd6
53.Rc5a5 Kg7
54.Ra5xa4 e5
55.Ra4a8 Kf6
56.Ra8e8 Rd6c6
57.Be2d3 Rc6c1
58.Ke2 Rc1h1
59.Re8f8 Ke7
60.Rf8xf5 Ke6
61.Bd3e4 Rh1g1
62.Kf2 Rg1h1
63.g4 { resign }
1-0

[Event "1/16 Finale"]
[Site "www.chess-mail.com"]
[Date "2016.01.16"]
[Round "1"]
[White "Echo314"]
[Black "Maredocla"]
[WhiteElo "2800"]
[BlackElo "2080"]
[Result "1-0"]
[Round "1"]
1.e4 c5
2.Ng1f3 Nb8c6
3.d4 cxd4
4.Nf3xd4 d6
5.Nb1c3 g6
6.Bc1e3 Bf8g7
7.Qd1d2 Ng8f6
8.f3 O-O
9.Bf1c4 a6
10.O-O-O Nf6d7
11.h4 Nc6e5
12.Bc4b3 Nd7c5
13.h5 Qd8a5
14.Be3h6 b5
15.Bh6xg7 Kxg7
16.hxg6 Nc5xb3
17.Nd4xb3 Qa5d8
18.Rh1xh7 Kf6
19.Qd2f4 { resign }
1-0

[Event "Eq:chibcha-Equipo Juan Diaz : "]
[Site "www.chess-mail.com"]
[Date "2016.01.16"]
[Round "1"]
[White "Ditto"]
[Black "Ilusion"]
[WhiteElo "1800"]
[BlackElo "2010"]
[Result "0-1"]
[Round "1"]
1.e4 c5
2.Nb1c3 Nb8c6
3.Bf1b5 Nc6d4
4.Bb5c4 e6
5.d3 a6
6.Ng1f3 b5
7.Bc4b3 Nd4xb3
8.axb3 Bc8b7
9.Bc1e3 d5
10.exd5 exd5
11.Be3g5 Bf8e7
12.Qd1e2 h6
13.Bg5d2 Ng8f6
14.O-O O-O
15.Nf3e5 { time. }
0-1

[Event "Fast Game"]
[Site "www.echecsemail.com"]
[Date "2016.01.16"]
[Round "1"]
[White "Manolinex"]
[Black "Fanny33"]
[WhiteElo "2119"]
[BlackElo "2200"]
[Result "1/2-1/2"]
[Round "1"]
1.g3 f5
2.d4 Ng8f6
3.Ng1f3 e6
4.Bf1g2 d5
5.O-O Bf8d6
6.b3 Qd8e7
7.c4 c6
8.Nb1c3 O-O
9.Nf3e5 b6
10.Bc1g5 Bc8b7
11.Ra1c1 Qe7e8
12.Qd1c2 Nb8d7
13.cxd5 Nd7xe5
14.dxe5 Bd6xe5
15.dxe6 Qe8xe6
16.e4 fxe4
17.Bg5xf6 Be5xf6
18.Nc3xe4 Bf6e7
19.Rf1e1 Qe6f7
20.Rc1d1 Ra8d8
21.b4 h6
22.a3 c5
23.Rd1xd8 Rf8xd8
24.bxc5 Bb7xe4
25.Bg2xe4 Be7xc5
26.Be4g6 Qf7f6
27.Bg6e4 Rd8f8
28.Re1e2 Kh8
29.a4 g5
30.Kg2 g4
31.Qc2c4 h5
32.h4 Kg7
33.Qc4d5 Rf8e8
34.Qd5d7 Re8e7
35.Qd7d8 Qf6f7
36.Be4d5 Re7xe2
{ draw }
1/2-1/2

[Event "Fast Game"]
[Site "www.echecsemail.com"]
[Date "2016.01.16"]
[Round "1"]
[White "Expert"]
[Black "Gatrooper"]
[WhiteElo "1389"]
[BlackElo "1370"]
[Result "0-1"]
[Round "1"]
1.d4 d5
2.c4 dxc4
3.e4 e6
4.Bf1xc4 a6
5.Nb1c3 Bf8b4
6.Ng1e2 Bb4xc3
7.Ne2xc3 h6
8.Bc1e3 Nb8c6
9.O-O Ng8f6
10.e5 Nf6h7
11.f4 { time. }
0-1

[Event "Fast Game"]
[Site "www.echecsemail.com"]
[Date "2016.01.16"]
[Round "1"]
[White "Elogic"]
[Black "Woody"]
[WhiteElo "1599"]
[BlackElo "1599"]
[Result "0-1"]
[Round "1"]
1.e4 e5
2.Ng1f3 Ng8f6
3.d4 Nf6xe4
4.Qd1e2 d5
5.Nf3xe5 Bf8e7
6.Bc1f4 O-O
7.c3 Rf8e8
8.Qe2f3 Be7h4
9.g3 f6
10.gxh4 fxe5
11.Bf4xe5 Nb8d7
12.Qf3f4 Nd7xe5
13.dxe5 Re8f8
14.Qf4e3 Rf8xf2
15.Rh1g1 Qd8xh4
16.Rg1g3 Rf2xh2
17.Nb1a3 Bc8g4
18.Na3b5 Ne4xg3
{ resign }
0-1

[Event "Tourn. n8540"]
[Site "www.chess-mail.com"]
[Date "2016.01.17"]
[Round "1"]
[White "Libiesse"]
[Black "Maredocla"]
[WhiteElo "1950"]
[BlackElo "2080"]
[Result "0-1"]
[Round "1"]
1.d4 d5
2.c4 c6
3.cxd5 cxd5
4.Nb1c3 Ng8f6
5.Ng1f3 g6
6.Bc1g5 Bf8g7
7.Qd1b3 O-O
8.Bg5xf6 Bg7xf6
9.e3 e6
10.Bf1d3 b6
11.O-O Bc8a6
12.Qb3c2 Ba6xd3
13.Qc2xd3 Nb8c6
14.a3 Nc6a5
15.Nc3e2 Ra8c8
16.Ra1c1 Qd8d7
17.Rc1c3 Na5c4
18.Rf1a1 Nc4xb2
19.Qd3c2 Nb2c4
20.Nf3d2 b5
21.Nd2b3 a6
22.Nb3c5 Rc8xc5
23.dxc5 Bf6xc3
24.Qc2xc3 Rf8c8
25.Ra1c1 Rc8xc5
{ resign }
0-1

[Event "Tourn. n8575"]
[Site "www.chess-mail.com"]
[Date "2016.01.17"]
[Round "1"]
[White "Tonino1"]
[Black "Umzi"]
[WhiteElo "2120"]
[BlackElo "2230"]
[Result "0-1"]
[Round "1"]
1.d4 d5
2.Ng1f3 e6
3.e3 Ng8f6
4.Bf1d3 Bf8e7
5.b3 O-O
6.Bc1b2 c5
7.Nb1d2 cxd4
8.exd4 Nb8d7
9.O-O a6
10.Nf3e5 Nd7xe5
11.dxe5 Nf6d7
12.f4 Nd7c5
13.Bd3e2 b5
14.Nd2f3 Bc8b7
15.Nf3d4 Ra8c8
16.Rf1f3 Qd8b6
17.Kh1 f6
18.Ra1c1 fxe5
19.fxe5 Be7g5
20.Rc1b1 Nc5e4
21.Rf3xf8 Rc8xf8
22.Qd1e1 Ne4f2
23.Kg1 Bg5e3
{ resign }
0-1

[Event "Tourn. n8389"]
[Site "www.chess-mail.com"]
[Date "2016.01.17"]
[Round "1"]
[White "Terrible"]
[Black "Seger"]
[WhiteElo "2310"]
[BlackElo "2760"]
[Result "0-1"]
[Round "1"]
1.d4 Ng8f6
2.Ng1f3 e6
3.c4 b6
4.g3 Bc8b7
5.Bf1g2 Bf8e7
6.O-O O-O
7.Nb1c3 Nf6e4
8.Qd1c2 Ne4xc3
9.Qc2xc3 c5
10.b3 d5
11.cxd5 Qd8xd5
12.Bc1b2 Be7f6
13.e4 Qd5h5
14.e5 Bf6e7
15.dxc5 bxc5
16.Nf3e1 Bb7xg2
17.Kxg2 a5
18.Ne1d3 Qh5f5
19.Qc3c4 Nb8d7
20.Ra1d1 a4
21.Qc4f4 Qf5xf4
22.Nd3xf4 Nd7b6
23.h4 Rf8b8
24.Rd1d3 h6
25.Rf1c1 axb3
26.axb3 Ra8a2
27.Bb2c3 Rb8b7
28.Rc1a1 Ra2xa1
29.Bc3xa1 g5
30.hxg5 hxg5
31.Nf4e2 Nb6d5
32.Ne2c1 g4
33.Ba1c3 Kg7
34.Bc3d2 Kg6
35.f3 Kf5
36.fxg4 Kxe5
37.Nc1e2 Ke4
38.Rd3f3 Be7f6
39.g5 Bf6e5
40.g4 Rb7a7
41.Ne2c1 Nd5f4
42.Kf2 Be5d4
43.Kg3 Nf4g6
44.Rf3f1 Ng6e5
45.Rf1e1 Kd5
46.Bd2f4 Ra7a1
47.Bf4d2 Ra1b1
48.Kf4 c4
49.bxc4 Ne5xc4
50.Nc1d3 e5
51.Kf5 Nc4d6
52.Kf6 e4
53.Ke7 Rb1b7
{ resign }
0-1

[Event "Tourn. n8550"]
[Site "www.chess-mail.com"]
[Date "2016.01.17"]
[Round "1"]
[White "Cal"]
[Black "Hansen"]
[WhiteElo "1560"]
[BlackElo "1530"]
[Result "0-1"]
[Round "1"]
1.Nb1c3 d6
2.e4 a6
3.h3 f5
4.d3 g6
5.Bc1f4 Nb8c6
6.Ng1f3 Ng8f6
7.Bf1e2 b5
8.a3 h6
9.b4 Nf6h5
10.Bf4h2 Bf8g7
11.O-O Bg7xc3
12.Ra1b1 g5
13.exf5 Bc8xf5
14.Rb1b3 Bc3f6
15.c3 O-O
16.d4 g4
17.Nf3d2 Bf5e6
18.hxg4 Nh5g7
19.f4 Be6xb3
20.Qd1xb3 Kh8
21.Nd2f3 h5
22.g5 Ng7f5
23.d5 Nc6a7
24.g6 Rf8g8
25.Be2d3 Nf5e3
26.Rf1e1 Ne3g4
27.Bd3f5 Ng4h6
28.Bf5d3 Nh6g4
29.Nf3g5 Bf6xg5
30.fxg5 e5
31.c4 Qd8xg5
32.c5 Ng4e3
33.c6 Qg5xg2
{ resign }
0-1

[Event "Tourn. n8593"]
[Site "www.chess-mail.com"]
[Date "2016.01.17"]
[Round "1"]
[White "Libiesse"]
[Black "Elogic"]
[WhiteElo "2000"]
[BlackElo "2059"]
[Result "0-1"]
[Round "1"]
1.d4 d5
2.c4 Ng8f6
3.Ng1f3 c5
4.cxd5 Nf6xd5
5.Qd1c2 e6
6.e4 Nd5b4
7.Qc2c3 cxd4
8.Bf1b5 Nb8c6
9.Bb5xc6 bxc6
10.Qc3b3 d3
11.O-O Nb4c2
{ resign }
0-1

[Event "Tourn. n8545"]
[Site "www.chess-mail.com"]
[Date "2016.01.17"]
[Round "1"]
[White "Azulmarino"]
[Black "Vinvangogh"]
[WhiteElo "1700"]
[BlackElo "1540"]
[Result "0-1"]
[Round "1"]
1.e4 e5
2.Ng1f3 Ng8f6
3.Nb1c3 d5
4.exd5 Nf6xd5
5.Nf3xe5 Bc8e6
6.Qd1f3 Nb8c6
7.Bf1c4 Qd8g5
8.d4 Qg5f6
9.Nc3xd5 Qf6xf3
 { time }
0-1

[Event "Tourn. n8573"]
[Site "www.chess-mail.com"]
[Date "2016.01.17"]
[Round "1"]
[White "Libiesse"]
[Black "Pimax"]
[WhiteElo "2000"]
[BlackElo "2280"]
[Result "0-1"]
[Round "1"]
1.d4 Ng8f6
2.c4 d6
3.Ng1f3 g6
4.Nb1c3 Bf8g7
5.Bc1g5 Nb8d7
6.e4 O-O
7.Bf1e2 e5
8.d5 h6
9.Bg5xf6 Nd7xf6
10.O-O Kh7
11.Nf3d2 Bc8d7
12.f4 exf4
13.Rf1xf4 b6
14.Qd1f1 Qd8e7
15.Qf1f2 g5
16.Rf4f3 Nf6g4
17.Qf2f1 Qe7e5
18.Rf3g3 Qe5d4
19.Kh1 Ng4f2
20.Kg1 Nf2xe4
21.Kh1 Ne4xg3
22.hxg3 Qd4xd2
23.Be2d3 Kg8
24.Nc3e4 Qd2xb2
25.Ra1e1 Qb2a3
{ resign }
0-1

[Event "Tourn. n8580"]
[Site "www.chess-mail.com"]
[Date "2016.01.17"]
[Round "1"]
[White "Fabos12"]
[Black "Duff"]
[WhiteElo "1670"]
[BlackElo "1810"]
[Result "1-0"]
[Round "1"]
1.d4 Ng8f6
2.Ng1f3 d5
3.c4 e6
4.Nb1c3 c5
5.Bc1g5 cxd4
6.Nf3xd4 h6
7.Bg5xf6 Qd8xf6
8.e3 Bf8c5
9.Nd4b5 Qf6e7
10.cxd5 exd5
11.Nc3xd5 Bc5b4
12.Nb5c3 Qe7d6
13.Qd1f3 Bc8e6
14.O-O-O Bb4xc3
15.Nd5f6 { resign }
1-0

[Event "Tourn. n8559"]
[Site "www.chess-mail.com"]
[Date "2016.01.17"]
[Round "1"]
[White "Duff"]
[Black "Gatrooper"]
[WhiteElo "1740"]
[BlackElo "1630"]
[Result "1-0"]
[Round "1"]
1.e4 e5
2.Ng1f3 Nb8c6
3.Bf1c4 d6
4.d4 Bc8e6
5.d5 Be6xd5
6.exd5 Nc6e7
7.Bc4b5 c6
8.dxc6 bxc6
9.Bb5a4 Ng8f6
10.Bc1g5 h6
11.Bg5xf6 gxf6
12.Nb1c3 d5
13.O-O Bf8g7
14.Rf1e1 O-O
15.Qd1e2 Ra8b8
16.Ba4b3 e4
17.Nf3h4 Qd8d7
18.Ra1d1 Ne7g6
19.Nh4xg6 fxg6
20.Nc3xe4 Rb8e8
21.Qe2f3 Qd7b7
22.Ne4d6 Re8xe1
23.Rd1xe1 Qb7b4
24.Re1e6 f5
25.h3 Kh7
26.a3 Qb4b8
27.g4 fxg4
28.Qf3xg4 Rf8f6
29.Re6xf6 Bg7xf6
30.Qg4d7 Bf6g7
31.Nd6e8 Qb8e5
32.Qd7xg7 Qe5xg7
33.Ne8xg7 Kxg7
34.Kg2 h5
35.Kf3 g5
36.Bb3a4 h4
37.Ba4xc6 d4
38.Ke4 Kf6
39.Kxd4 a5
40.c4 Kf5
41.Bc6d7 Kf4
42.c5 g4
43.Bd7xg4 a4
44.c6 Kg5
45.c7 Kf4
46.c8Q { resign }
1-0

[Event "Tourn. n8564"]
[Site "www.chess-mail.com"]
[Date "2016.01.17"]
[Round "1"]
[White "Rons"]
[Black "Faerieking"]
[WhiteElo "2590"]
[BlackElo "2230"]
[Result "1-0"]
[Round "1"]
1.e4 d5
2.exd5 Ng8f6
3.d4 Bc8g4
4.f3 Bg4f5
5.c4 e6
6.dxe6 Nb8c6
7.Bc1e3 Bf8b4
8.Nb1c3 Qd8e7
9.Kf2 O-O-O
10.a3 Bb4xc3
11.bxc3 Rh8e8
12.Qd1b3 Qe7xe6
13.Ra1e1 Rd8xd4
14.cxd4 Nc6xd4
15.Qb3c3 Nd4c2
16.Re1e2 Nc2xe3
17.Re2xe3 Qe6b6
18.Ng1e2 Re8d8
19.c5 Qb6b1
20.Ne2f4 Kb8
21.Rh1g1 h5
22.Bf1d3 { resign }
1-0

[Event "Tourn. n8548"]
[Site "www.chess-mail.com"]
[Date "2016.01.17"]
[Round "1"]
[White "Gatrooper"]
[Black "Louis"]
[WhiteElo "1620"]
[BlackElo "1900"]
[Result "0-1"]
[Round "1"]
1.e4 e5
2.a3 Ng8f6
3.Nb1c3 Nb8c6
4.Ng1f3 d5
5.exd5 Nf6xd5
6.d3 Bf8e7
7.Nc3xd5 Qd8xd5
8.c4 Qd5d6
9.Bf1e2 Qd6g6
10.h3 Qg6xg2
11.Rh1g1 Qg2xh3
12.Qd1c2 Bc8g4
13.Bc1e3 Bg4xf3
14.Be2xf3 Qh3xf3
15.Qc2d1 Qf3xd1
16.Kxd1 O-O
17.Be3h6 Be7f6
18.b3 Rf8d8
19.Rg1g3 Nc6d4
20.Ra1a2 Nd4f5
21.Rg3g1 Nf5xh6
22.f3 Rd8xd3
23.Ra2d2 Rd3xb3
24.Ke2 Nh6f5
25.a4 Nf5d4
26.Kf2 Nd4xf3
27.Rg1d1 Nf3xd2
28.Rd1xd2 Rb3b4
29.c5 Rb4xa4
30.Rd2d7 Ra8c8
31.Kf3 Ra4d4
32.Rd7xd4 exd4
33.Ke2 h5
34.Kd3 Rc8e8
35.c6 b6
36.Kc4 a5
37.Kd3 h4
{ resign }
0-1

[Event "Tourn. n8485"]
[Site "www.chess-mail.com"]
[Date "2016.01.17"]
[Round "1"]
[White "Masteratches"]
[Black "Tartan"]
[WhiteElo "2300"]
[BlackElo "2400"]
[Result "1-0"]
[Round "1"]
1.d4 Ng8f6
2.c4 e6
3.Nb1c3 Bf8b4
4.f3 d5
5.a3 Bb4e7
6.e4 dxe4
7.fxe4 e5
8.d5 O-O
9.Ng1f3 Bc8g4
10.h3 Bg4xf3
11.Qd1xf3 a5
12.Bf1d3 Nb8d7
13.Bc1e3 Be7c5
14.O-O Qd8e7
15.Nc3a4 Bc5xe3
16.Qf3xe3 b6
17.Rf1f2 Qe7d6
18.Bd3c2 Ra8b8
19.Ra1b1 Rf8c8
20.Na4c3 c6
21.Qe3e2 Nd7c5
22.Rb1f1 Rb8a8
23.Qe2e3 a4
24.Bc2d1 Ra8a7
25.Rf2xf6 gxf6
26.Bd1g4 Rc8d8
27.dxc6 Qd6xc6
28.Qe3h6 Nc5d7
29.Bg4xd7 Ra7xd7
30.Nc3d5 Rd7xd5
31.cxd5 Qc6c5
32.Kh2 { resign }
1-0

[Event "Tourn. n8536"]
[Site "www.chess-mail.com"]
[Date "2016.01.17"]
[Round "1"]
[White "Malbertan"]
[Black "Amaya"]
[WhiteElo "2050"]
[BlackElo "2060"]
[Result "1-0"]
[Round "1"]
1.e4 c5
2.Nb1c3 d6
3.Ng1e2 Nb8c6
4.g3 g6
5.Bf1g2 Bf8g7
6.O-O Ng8f6
7.d3 O-O
8.f4 Bc8g4
9.Bc1e3 Nc6d4
10.Qd1d2 Ra8c8
11.Ne2xd4 cxd4
12.Be3xd4 b6
13.Qd2f2 Rf8e8
14.e5 dxe5
15.Bd4xe5 Bg4d7
16.Bg2b7 Rc8c5
17.d4 Rc5xc3
18.bxc3 Bd7f5
19.Bb7g2 Nf6d7
20.Be5xg7 Kxg7
21.Rf1e1 Qd8c7
22.Qf2d2 h5
23.Bg2e4 Bf5g4
24.Kg2 Nd7f6
25.Be4d3 Qc7c6
26.Kg1 Bg4h3
27.Bd3f1 Bh3xf1
28.Re1xf1 Nf6g4
29.f5 Qc6d5
30.fxg6 fxg6
31.Qd2f4 Ng4f6
32.Ra1e1 g5
33.Qf4c7 Nf6e4
34.Qc7xa7 h4
35.gxh4 gxh4
36.Qa7c7 Qd5g5
37.Kh1 h3
38.Re1e2 Qg5d5
39.Qc7e5 Ne4f6
40.Kg1 Kh6
41.Rf1xf6 { resign }
1-0

[Event "Tourn. n8562"]
[Site "www.chess-mail.com"]
[Date "2016.01.17"]
[Round "1"]
[White "Redabond"]
[Black "Gatrooper"]
[WhiteElo "1610"]
[BlackElo "1630"]
[Result "0-1"]
[Round "1"]
1.d4 d5
2.Bc1f4 e6
3.Nb1c3 Bf8d6
4.Bf4xd6 Qd8xd6
5.Ng1f3 a6
6.e3 h6
7.Bf1d3 Ng8f6
8.O-O Nf6g4
9.h3 Ng4f6
10.Rf1e1 Nb8c6
11.e4 dxe4
12.Bd3xe4 Nf6xe4
13.Nc3xe4 Qd6d8
14.Nf3e5 Nc6xe5
15.dxe5 Bc8d7
16.Ne4c5 O-O
17.Nc5xd7 Rf8e8
18.Nd7c5 Qd8g5
19.Qd1g4 Qg5e7
20.Nc5d3 g5
21.Qg4h5 Kh7
22.f4 Re8g8
23.fxg5 Rg8xg5
24.Qh5f3 Ra8g8
25.Re1e2 c5
26.Re2f2 Rg5f5
27.Qf3e4 Qe7g5
28.Rf2xf5 exf5
29.Qe4xb7 Rg8g7
30.Nd3xc5 f6
31.Qb7xg7 Qg5xg7
32.exf6 Qg7xf6
33.Ra1d1 Qf6xb2
34.Rd1d7 Kg6
35.Rd7d6 Kf7
36.Rd6xa6 Qb2d4
{ resign }
0-1

[Event "Tourn. n8521"]
[Site "www.chess-mail.com"]
[Date "2016.01.17"]
[Round "1"]
[White "Estonia"]
[Black "Genius7"]
[WhiteElo "1950"]
[BlackElo "2090"]
[Result "1/2-1/2"]
[Round "1"]
1.Ng1f3 g6
2.d4 Bf8g7
3.e4 d6
4.Bf1e2 Ng8f6
5.Nb1c3 O-O
6.Bc1e3 Nf6g4
7.h3 Ng4xe3
8.fxe3 c6
9.O-O Qd8c7
10.Qd1e1 Nb8d7
11.Ra1d1 e5
12.dxe5 dxe5
13.Qe1f2 Nd7c5
14.b4 Nc5e6
15.Be2c4 a5
16.a3 axb4
17.axb4 b5
18.Bc4xe6 Bc8xe6
19.Nf3g5 Be6c4
20.Rf1e1 h6
21.Ng5f3 Ra8a3
22.Nc3e2 Ra3a8
23.Nf3d2 Bc4e6
24.Rd1a1 Qc7b7
25.Nd2b3 Be6xb3
26.cxb3 Ra8xa1
{ draw }
1/2-1/2

[Event "Match"]
[Site "www.echecsemail.com"]
[Date "2016.01.17"]
[Round "1"]
[White "Cave"]
[Black "Chapi"]
[WhiteElo "1499"]
[BlackElo "2010"]
[Result "0-1"]
[Round "1"]
1.d4 d5
2.c4 g6
3.cxd5 Qd8xd5
4.Nb1c3 Qd5d8
5.Ng1f3 Bf8g7
6.e4 Nb8c6
7.Bf1b5 Bc8d7
8.O-O Ng8f6
9.e5 Nf6g4
10.h3 Ng4h6
11.d5 Nc6xe5
12.Nf3xe5 Bd7xb5
13.Nc3xb5 a6
14.Nb5c3 Nh6f5
15.Bc1f4 { time. }
0-1

[Event "Match"]
[Site "www.echecsemail.com"]
[Date "2016.01.17"]
[Round "1"]
[White "Jacks"]
[Black "Manolinex"]
[WhiteElo "2840"]
[BlackElo "2890"]
[Result "1/2-1/2"]
[Round "1"]
1.Ng1f3 Ng8f6
2.c4 c5
3.Nb1c3 Nb8c6
4.g3 d6
5.Bf1g2 g6
6.O-O Bf8g7
7.d4 cxd4
8.Nf3xd4 Bc8d7
9.Nd4xc6 bxc6
10.c5 d5
11.e4 dxe4
12.Nc3xe4 Nf6xe4
13.Bg2xe4 Ra8b8
14.Qd1c2 O-O
15.Ra1b1 Qd8c7
16.b3 Bd7g4
17.Bc1b2 Rf8d8
18.Bb2xg7 Kxg7
19.Rf1e1 Rb8b4
20.Qc2c3 Rb4d4
21.b4 e5
22.b5 cxb5
23.Rb1xb5 Rd4d1
24.Rb5b1 Rd1xb1
25.Re1xb1 Rd8d4
26.Rb1b7 { draw }
1/2-1/2

[Event "Match"]
[Site "www.echecsemail.com"]
[Date "2016.01.17"]
[Round "1"]
[White "Whitekknight"]
[Black "Pinehill"]
[WhiteElo "1910"]
[BlackElo "2060"]
[Result "1-0"]
[Round "1"]
1.e4 d5
2.exd5 Ng8f6
3.Nb1c3 g6
4.Bf1c4 Bf8g7
5.h3 O-O
6.Ng1f3 Nb8d7
7.d3 Nd7b6
8.Bc4b3 Nf6xd5
9.Nc3xd5 Nb6xd5
10.O-O c6
11.c3 e6
12.Bc1d2 Kh8
13.d4 Qd8c7
14.Ra1c1 e5
15.c4 Nd5e7
16.dxe5 Bg7xe5
17.Nf3xe5 Kg7
18.Qd1f3 Kg8
19.Qf3f6 Bc8e6
20.g4 { resign }
1-0

[Event "Match"]
[Site "www.echecsemail.com"]
[Date "2016.01.17"]
[Round "1"]
[White "Viennie27"]
[Black "Vinvangogh"]
[WhiteElo "1499"]
[BlackElo "1560"]
[Result "1-0"]
[Round "1"]
1.e4 e5
2.Nb1c3 Ng8f6
3.Ng1f3 Bf8d6
4.d3 O-O
5.Bc1e3 c5
6.Be3g5 c4
7.Bg5xf6 Qd8xf6
8.Nc3d5 Bd6b4
9.Nd5xb4 Nb8c6
10.Nb4d5 Nc6d4
11.Nd5xf6 gxf6
12.Nf3d2 d6
13.Nd2xc4 b5
14.Nc4xd6 Bc8e6
15.c3 Nd4c6
16.Bf1e2 b4
17.Be2g4 Be6xg4
18.Qd1xg4 Kh8
19.Qg4h4 Kg7
20.Nd6f5 Kh8
21.Qh4xf6 Kg8
22.Qf6g7 
1-0